Which is larger? Country Quiz #1 - Statistics

General Stats
  • This quiz has been taken 515 times
  • The average score is 9 of 15
Answer Stats
Question Answer % Correct
France or Spain? France
89%
Iraq or Iran? Iran
86%
China or Brazil? China
84%
Fiji or Slovenia? Slovenia
81%
Mexico or Libya? Mexico
75%
Japan or New Zealand? Japan
73%
Cyprus or Jamaica? Jamaica
59%
South Korea or North Korea? North Korea
59%
Niger or Mali? Niger
56%
Samoa or Tonga? Samoa
47%
Namibia or Mozambique? Namibia
46%
Malaysia or Vietnam? Vietnam
44%
Cuba or Iceland? Cuba
41%
Turkmenistan or Uzbekistan? Uzbekistan
39%
Oman or Yemen? Oman
35%
No matching quizzes found
Score Distribution
Percent of People with Each Score
Percentile by Number Answered
Your Score History
You have not taken this quiz